000 00283nas a2200121Ia 4500
008 150201s2011 xx 000 0 und d
245 _aIndian Journal of Human Genetics
260 _c2011
310 _aHalf Yearly
500 _aNATIONAL
650 _aHuman Anatomy
942 _2ddc
_cLJ
999 _c6173
_d6173